Anuario estadístico 2013.

Uloženo v:
Podrobná bibliografie
Korporativní autor: Consejo de Rectores de las Universidades Chilenas (autor)
Médium: Kniha
Vydáno: Santiago, Chile: Secretaría General del H. Consejo de Rectores de las Universidades Chilenas, 2013.
Témata:
On-line přístup:Disponible Online - Consejo de Rectores
Tagy: Přidat tag
Žádné tagy, Buďte první, kdo vytvoří štítek k tomuto záznamu!

MARC

LEADER 00000cam a2200000 a 4500
001 UCG9393
003 CL-VaPUC
005 20230410155723.0
008 230331t2013 ||||| |||| 00| 0 eng d
999 |c 440427  |d 440425 
022 |a 0716-0585 
040 |c Pontificia Universidad Católica de Valparaíso 
082 0 4 |a 378.83 CON 2013  |2 21 
110 |a Consejo de Rectores de las Universidades Chilenas  |e autor  |9 560937 
245 1 0 |a Anuario estadístico 2013. 
260 |a Santiago, Chile:  |b Secretaría General del H. Consejo de Rectores de las Universidades Chilenas,  |c 2013. 
300 |a 625 páginas. 
583 |a last modification  |c 20120309 14:21:00  |k Catalogador Asistente 
650 0 |a Educación superior   |9 223851 
650 0 |a Universidades  |9 256317 
650 0 |a Datos estadísticos  |9 329380 
650 0 |a Anuarios  |9 258977 
856 |u https://www.consejoderectores.cl/wp-content/uploads/anuario/2013/Anuario_Estadistico_2013.pdf  |y  Disponible Online - Consejo de Rectores 
942 |c BK  |2 ddc 
952 |0 0  |1 0  |2 ddc  |4 0  |6 378_830000000000000_CON_2013  |7 0  |8 ED_SUP  |9 589405  |a BIBGIM  |b BIBGIM  |c S_PSTGRDO  |d 2023-03-31  |e Donación  |i 5656977  |o 378.83 CON 2013  |p 5656977  |r 2025-01-15  |t 1  |w 2023-03-31  |y BK  |k ESU